Understanding Communication in Second Language Classrooms
সংরক্ষণ করুন:
| প্রধান লেখক: | |
|---|---|
| বিন্যাস: | গ্রন্থ |
| ভাষা: | Undetermined |
| প্রকাশিত: |
Cambridge
Cambridge University Press
2003
|
| বিষয়গুলি: | |
| ট্যাগগুলো: |
ট্যাগ যুক্ত করুন
কোনো ট্যাগ নেই, প্রথমজন হিসাবে ট্যাগ করুন!
|
| Thư viện lưu trữ: | Trung tâm Học liệu Trường Đại học Cần Thơ |
|---|
| LEADER | 00616nam a2200205Ia 4500 | ||
|---|---|---|---|
| 001 | CTU_64943 | ||
| 008 | 210402s9999 xx 000 0 und d | ||
| 020 | |c 246000 | ||
| 082 | |a 418.007 | ||
| 082 | |b J66 | ||
| 100 | |a Johnson, Karen E. | ||
| 245 | 0 | |a Understanding Communication in Second Language Classrooms | |
| 245 | 0 | |c Karen E. Johnson | |
| 260 | |a Cambridge | ||
| 260 | |b Cambridge University Press | ||
| 260 | |c 2003 | ||
| 650 | |a Language and languages,Second language acquisition | ||
| 650 | |x Study and teaching | ||
| 904 | |i TUYẾN,Hải | ||
| 980 | |a Trung tâm Học liệu Trường Đại học Cần Thơ | ||